[Event "Thailand op 11th"]
[Site "Pattaya"]
[Date "2011.04.13"]
[Round "4"]
[White "Png, Ren Chi"]
[Black "Teerapabpaisit, Wisuwat"]
[Result "1-0"]
[WhiteElo "1960"]
[BlackElo "2310"]
[PlyCount "69"]
[EventDate "2011.04.11"]
[EventType "swiss"]
[EventRounds "9"]
[EventCountry "THA"]
[SourceTitle "CBM 141 Extra"]
[Source "ChessBase"]
[SourceDate "2011.05.03"]
[SourceVersion "1"]
[SourceVersionDate "2011.05.03"]
[SourceQuality "1"]

1. e4 c5 2. Nf3 e6 3. d4 cxd4 4. Nxd4 a6 5. Nc3 b5 6. Be3 Bb7 7. Bd3 Qc7 8. 0-0 Nf6 9. f3 b4 10. Nce2 d5 11. exd5 Nxd5 12. Bf2 Bd6 13. Kh1 Nd7 14. c4 N5f6 15. Rc1 Nc5 16. Bb1 Nh5 17. a3 b3 18. Nxb3 Nxb3 19. Qxb3 Bxh2 20. c5 Bd5 21. Qa4+ Bc6 22. Qh4 Bf4 23. Qxh5 Bxc1 24. Rxc1 Rd8 25. Bg3 Qb7 26. Bd6 Qxb2 27. Qg5 Rd7 28. Bd3 h6 29. Qh4 Qxa3 30. Rb1 Rxd6 31. cxd6 Qxd6 32. Qd4 Ke7 33. Rb6 a5 34. Qxd6+ Kxd6 35. Be4 1-0